Bayer Leverkusen - Tous les joueurs de 2010 à 2025 - Statistiques

Statistiques générales
  • Ce quiz a été pris 137 fois
    30 depuis la dernière actualisation
  • Le résultat moyen est 51 sur 143
Statistiques - réponses
Saisons Nationalité Joueur Nombre
De Matchs
Poste % Correct
2015 - 2025 Allemagne JonathanTah 402 D
100%
2023 - Espagne AlejandroGrimaldo 99 D
94%
2020 - 2025 Pays - Bas JeremieFrimpong 190 D/M
94%
2010 - 2011 Croatie DomagojVida 9 D
88%
2019 - Argentine ExequielPalacios 160 M
88%
2018 - 2025 Finlande LukasHradecky 286 G
88%
2021 - 2025 Maroc AmineAdli 142 A
82%
2007 - 2011 Chili ArturoVidal 144 M
82%
2019 - 2025 Allemagne FlorianWirtz 197 M
82%
2016 - 2021 Jamaique LeonBailey 156 A
82%
2019 - 2023 France MoussaDiaby 172 A
82%
2020 - RépubliqueTchèque PatrikSchick 168 A
82%
2021 - 2025 Équateur PieroHincapié 164 D
82%
2011 - 2018 Allemagne BerndLeno 304 G
76%
2019 - BurkinaFaso EdmondTapsoba 226 D
76%
2023 - 2025 Suisse GranitXhaka 99 M
76%
2024 - France MartinTerrier 20 A
76%
2023 - 2025 Nigéria VictorBoniface 61 A
76%
2012 - 2013 Espagne DanielCarvajal 36 D
71%
2014 - 2017 Turquie HakanCalhanoglu 115 M
71%
2009 - 2021 Allemagne LarsBender 342 M
71%
2017 - 2021 Allemagne SvenBender 133 D/M
71%
2015 - 2023 Chili CharlesAránguiz 214 M
65%
2015 - 2017 Mexique ChicharitoHernandez 76 A
65%
2013 - 2015 CoréeDu Sud Heung - MinSon 87 A
65%
2011 - 20132014 - 2023 Allemagne KarimBellarabi 290 A
65%
2010 - 20112015 - 2017 Slovénie KevinKampl 73 M
65%
2021 - 2024 CoteD'ivoire OdilonKossounou 102 D
65%
2011 - 2017 Turquie OmerToprak 203 D
65%
2021 - Allemagne RobertAndrich 152 M
65%
2023 - Allemagne JonasHofmann 63 M
59%
2023 - 2024 Croatie JosipStanisic 38 D
59%
2013 - 2019 Allemagne JulianBrandt 215 M/A
59%
2024 - 2025 France NordiMukiele 24 D
59%
2024 - Espagne AleixGarcia 42 M
53%
2016 - 2020 Allemagne KaiHavertz 150 M
53%
2019 - 2023 Allemagne KeremDemirbay 149 M
53%
2016 - 2020 Allemagne KevinVolland 148 A
53%
2021 - 2023 Iran SardarAzmoun 44 A
53%
2022 - 2024 RépubliqueTchèque AdamHlozek 80 A
47%
2016 - 2022 Autriche JulianBaumgartlinger 152 M
47%
2023 - 2025 RépubliqueTchèque MatejKovar 32 G
47%
2006 - 2018 Allemagne StefanKiessling 444 A
47%
2014 - 2021 Brésil Wendell 250 D
47%
2015 - 2018 Suisse AdmirMehmedi 86 A
41%
2013 - 2015 Bosnie EmirSpahic 71 D
41%
2013 - 2014 Allemagne EmreCan 39 M
41%
2004 - 2015 Allemagne GonzaloCastro 370 D/M
41%
2024 - France JeanuelBelocian 9 D
41%
2017 - 2022 Argentine LucasAlario 164 A
41%
2021 - 2023 Pays - Bas MItchellBakker 70 D
41%
2019 - 2024 Allemagne NadiemAmiri 146 M
41%
2020 - 2024 Pays - Bas TimothyFosu - Mensah 30 D
41%
2016 - 20172018 - 2021 Autriche AleksandarDragovic 106 D
35%
2016 - 2020 Finlande JoelPohjanpalo 28 A
35%
2023 - Nigéria NathaTella 79 A
35%
2014 - 20192020 - 2021 Croatie TinJedvaj 109 D
35%
2013 - 2014 Mexique AndrésGuardado 7 M
29%
2023 - Brésil Arthur 33 D
29%
2015 - 2018 Allemagne BenjaminHenrichs 76 D
29%
2022 - 2023 Angleterre CallumHudson - Odoi 21 A
29%
2024 - 2025 Argentine EmilianoBuendia 14 M/A
29%
2018 - 2019 Suède IsaacKiese Thelin 14 A
29%
2014 - 2016 Grèce KyriakosPapadopoulos 51 D
29%
2007 - 2013 Allemagne ManuelFriedrich 188 D
29%
2024 - 2025 Espagne MarioHermoso 7 D
29%
1999 - 20022010 - 2012 Allemagne MichaelBallack 155 M
29%
2018 - 2021 Allemagne MitchellWeiser 75 D
29%
2018 - 2023 Brésil Paulinho 79 A
29%
2009 - 2011 Finlande SamiHyypia 60 D
29%
2005 - 2015 Allemagne SimonRolfes 377 M
29%
2011 - 2013 Allemagne AndréSchurrle 83 A
24%
2021 - 2023 Russie AndreyLunev 3 G
24%
2012 - 2013 Pologne ArkadiuszMilik 8 A
24%
2023 - 2024 Espagne BorjaIglesias 10 A
24%
2019 - 2023 Pays - Bas DaleySinkgraven 78 D
24%
2010 - 20122016 - 2017 Allemagne DannyDa Costa 13 D
24%
2020 - 2021 Angleterre DemaraiGray 12 A
24%
2009 - 20122013 - 2014 Suisse ErenDerdiyok 138 A
24%
2023 - 2024 Colombie GustavoPuerta 10 M
24%
2021 - 2022 Espagne IkerBravo 2 A
24%
2014 - 2015 Suisse JosipDrmic 38 A
24%
2012 - 2013 Chili JuniorFernandes 13 A
24%
2008 - 2013 RépubliqueTchèque MichalKadlec 158 D
24%
2012 - 20152016 - 2018 2019 - Allemagne NiklasLomb 7 G
24%
2022 - 2024 Belgique NoahMbamba 7 M
24%
2017 - 20202021 - 2022 Grèce PanagiotisRetsos 43 D
24%
2006 - 2011 Allemagne RenéAdler 173 G
24%
2020 - 2021 Colombie SantiagoArias 1 D
24%
2011 - 2012 Croatie VedranCorluka 8 D
24%
2015 - 20162017 - 2018 Brésil AndréRamalho 28 D
18%
2022 - 2023 Maroc Ayman Azhil 1 M
18%
2020 - 2021 Turquie CemTurkmen 2 M
18%
2015 - 2016 Allemagne ChristophKramer 44 M
18%
2011 - 20142017 - 2019 Allemagne DominikKohr 69 M
18%
2013 - 2016 Italie GiulioDonati 67 D
18%
2020 - 2022 Allemagne LennartGrill 5 G
18%
2015 - 2016 Allemagne MarlonFrey 12 M
18%
2012 - 2013 Allemagne MichaelRensing 4 G
18%
2010 - 2012 Danemark NicolaiJorgensen 21 A
18%
2016 - 2020 Autriche RemazanOzcan 8 G
18%
2008 - 2013 Brésil RenatoAugusto 126 M
18%
2013 - 2017 Australie RobbieKruse 46 A
18%
2013 - 2017 Allemagne RobertoHilbert 78 D
18%
2018 - 2019 Allemagne SamSchreck 2 M
18%
2010 - 2014 Allemagne SidneySam 124 A
18%
2008 - 2015 Allemagne StefanReinartz 191 M
18%
2012 - 2013 Allemagne TobiasSteffen 2 M
18%
2005 - 2012 Suisse TranquilloBarnetta 229 M/A
18%
2014 - 2017 Ukraine VladlenYurchenko 18 M
18%
2021 - 2023 Danemark ZidanSertdemir 3 M
18%
2023 - 2024 Maroc AymanAourir 1 M
12%
2011 - 2012 Allemagne BastianOczipka 12 D
12%
2009 - 2013 Allemagne DanielSchwaab 119 D
12%
2014 - 2016 Croatie DarioKresic 2 D
12%
2011 - 2016 États - Unis DavidYelldell 2 G
12%
2012 - 2013 Japon HajimeHosogai 23 M
12%
2002 - 20052010 - 2012 Allemagne HannoBalitsch 136 M
12%
2012 - 2014 Allemagne JensHegeler 60 M
12%
2012 - 2013 Allemagne JonasMeffert 1 M
12%
2012 - 2013 Allemagne JulianRiedel 1 D
12%
2012 - 2013 Allemagne KoljaPusch 1 M
12%
2013 - 2014 Grèce KonstantinosStafylidis 1 D
12%
2013 - 2015 Allemagne LevinOztunali 17 M
12%
2013 - 2014 Allemagne MaximilianWagener 1 M
12%
2011 - 2012 Colombie MichaelOrtega 7 M
12%
2012 - 2013 Turquie OkanAydin 3 M
12%
2012 - 2014 Allemagne PhilippWollscheid 67 D
12%
2011 - 2012 Allemagne SamedYesil 1 A
12%
2012 - 2016 Pologne SebastianBoenisch 76 D
12%
2013 - 2014 CoréeDu Sud Seung - WooRyu 2 A
12%
2024 - 2025 Ukraine ArtemStepanov 2 A
6%
2009 - 2011 Turquie BurakKaplan 9 M
6%
2012 - 2013 Brésil Carlinhos 3 M
6%
2020 - 2021 Turquie EmrehanGedikli 4 A
6%
2009 - 2012 Allemagne FabianGiefer 8 G
6%
2024 - 2025 Allemagne FrancisOnyeka 2 M
6%
2018 - 2019 Pologne JakubBednarczyk 1 D
6%
2023 - Allemagne KenIzekor 1 A
6%
2008 - 2011 Allemagne PatrickHelmes 72 A
6%
2018 - 2019 Allemagne ThorstenKirschbaum 1 G
6%
2018 - 2020 Pologne AdrianTanilewickz 2 M
0%
2020 - 2021 Turquie SamedOmur 1 M
0%
Aucun quiz correspondant
Distribution des résultats
% des personnes avec chaque résultat
Percentile par nombre de réponses
Votre historique - résultats
Vous n’avez pas pris ce quiz depuis la dernière actualisation